[Event "CZE-ch Betsys Online Blitz"]
[Site "Chess.com INT"]
[Date "2021.04.17"]
[Round "6"]
[White "Belaska, Premysl"]
[Black "Nechutny, Michal"]
[Result "1-0"]
[WhiteElo "2205"]
[BlackElo "1816"]
[PlyCount "85"]
[EventDate "2021.04.17"]
[EventType "swiss (blitz)"]
[EventRounds "13"]
[EventCountry "CZE"]
[SourceTitle "CBM 201 Extra"]
[Source "ChessBase"]
[SourceDate "2021.05.31"]
[SourceVersion "1"]
[SourceVersionDate "2021.05.31"]
[SourceQuality "1"]

1. c4 e5 2. Nc3 Nf6 3. Nf3 Nc6 4. e4 Bb4 5. d3 0-0 6. Be2 d6 7. h3 Nd4 8. a3 Bxc3+ 9. bxc3 Nxf3+ 10. Bxf3 Re8 11. 0-0 Bd7 12. Re1 Bc6 13. Be3 Qd7 14. a4 b6 15. a5 bxa5 16. Rxa5 a6 17. Qa1 Bb7 18. Rb1 c5 19. Bd1 Ra7 20. Rb6 Qc7 21. Rb2 Rb8 22. Ra3 Bc8 23. Rab3 Rab7 24. Qb1 Rxb3 25. Rxb3 Rxb3 26. Qxb3 a5 27. Kh2 Nd7 28. Qb5 Kf8 29. f3 Ke7 30. Ba4 Qb6 31. Bg5+ f6 32. Be3 g6 33. g3 Qxb5 34. cxb5 Nb6 35. Bb3 a4 36. Ba2 Be6 37. c4 Kd8 38. Bd2 Kc7 39. Ba5 f5 40. Kg2 fxe4 41. fxe4 h5 42. Bb1 g5 43. Bd2 1-0

[Event "CZE-ch Betsys Online Blitz"]
[Site "Chess.com INT"]
[Date "2021.04.17"]
[Round "1"]
[White "Nechutny, Michal"]
[Black "Michalik, Peter"]
[Result "0-1"]
[WhiteElo "1816"]
[BlackElo "2594"]
[PlyCount "40"]
[EventDate "2021.04.17"]
[EventType "swiss (blitz)"]
[EventRounds "13"]
[EventCountry "CZE"]
[SourceTitle "CBM 201 Extra"]
[Source "ChessBase"]
[SourceDate "2021.05.31"]
[SourceVersion "1"]
[SourceVersionDate "2021.05.31"]
[SourceQuality "1"]

1. e4 c5 2. c3 Nf6 3. e5 Nd5 4. d4 cxd4 5. cxd4 d6 6. Nf3 Nc6 7. Bc4 e6 8. 0-0 Be7 9. Qe2 0-0 10. Rd1 Bd7 11. Qe4 Ncb4 12. a3 Rc8 13. Bb3 Nc6 14. Bc2 g6 15. Bh6 Re8 16. Nc3 Na5 17. Nxd5 exd5 18. Qd3 Bf5 19. Qe3 Rxc2 20. Rd2 Nc4 0-1

[Event "CZE-ch Betsys Online Blitz"]
[Site "Chess.com INT"]
[Date "2021.04.17"]
[Round "10"]
[White "Nechutny, Michal"]
[Black "Soucek, Jan"]
[Result "1-0"]
[WhiteElo "1816"]
[BlackElo "1916"]
[PlyCount "81"]
[EventDate "2021.04.17"]
[EventType "swiss (blitz)"]
[EventRounds "13"]
[EventCountry "CZE"]
[SourceTitle "CBM 201 Extra"]
[Source "ChessBase"]
[SourceDate "2021.05.31"]
[SourceVersion "1"]
[SourceVersionDate "2021.05.31"]
[SourceQuality "1"]

1. e4 c5 2. c3 d5 3. exd5 Qxd5 4. d4 Nf6 5. Nf3 Bg4 6. Be2 e6 7. 0-0 Nc6 8. h3 Bh5 9. Be3 0-0-0 10. dxc5 Bxc5 11. Qxd5 Rxd5 12. Bxc5 Rxc5 13. Rd1 Rd5 14. Na3 Rhd8 15. g4 Bg6 16. Nc4 Bd3 17. Bxd3 Rxd3 18. Rxd3 Rxd3 19. Kg2 Ne4 20. Re1 f5 21. Re2 b5 22. Nce5 Nxe5 23. Nxe5 Rd2 24. Rxd2 Nxd2 25. f3 Kc7 26. Kf2 Kd6 27. Nd3 a5 28. b3 Nb1 29. c4 bxc4 30. bxc4 Na3 31. c5+ Kc6 32. Ke3 Nc2+ 33. Kd2 Nd4 34. Ke3 Nc2+ 35. Kf4 g6 36. Ke5 Nb4 37. Nxb4+ axb4 38. Kd4 Kb5 39. gxf5 exf5 40. h4 h6 41. f4 1-0

[Event "Klatovy op-A 24th"]
[Site "Klatovy"]
[Date "2018.07.07"]
[Round "8"]
[White "Skopec, Lubos"]
[Black "Nechutny, Michal"]
[Result "1/2-1/2"]
[WhiteElo "1981"]
[BlackElo "1746"]
[PlyCount "68"]
[EventDate "2018.06.30"]
[EventType "swiss"]
[EventRounds "9"]
[EventCountry "CZE"]
[SourceTitle "EXT 2019"]
[Source "ChessBase"]
[SourceDate "2018.10.10"]
[SourceVersion "1"]
[SourceVersionDate "2018.10.10"]
[SourceQuality "1"]

1. e4 c5 2. c3 d5 3. exd5 Qxd5 4. d4 Nf6 5. Nf3 e6 6. Be2 Be7 7. 0-0 0-0 8. c4 Qd8 9. dxc5 Qxd1 10. Rxd1 Bxc5 11. Nc3 Nc6 12. Bg5 Be7 13. Rd2 b6 14. Rad1 Ba6 15. Nd4 Nxd4 16. Rxd4 Rad8 17. Bxf6 Bxf6 18. Rd7 Rxd7 19. Rxd7 Bxc3 20. bxc3 Ra8 21. Rc7 g6 22. f3 Rc8 23. Rxa7 Bxc4 24. Bxc4 Rxc4 25. Ra3 b5 26. Kf2 b4 27. cxb4 Rxb4 28. g4 g5 29. Ra8+ Kg7 30. a4 f5 31. h3 f4 32. a5 Rb2+ 33. Kg1 Rb1+ 34. Kf2 Rb2+ 1/2-1/2

[Event "Klatovy op-A 24th"]
[Site "Klatovy"]
[Date "2018.07.03"]
[Round "4"]
[White "Nechutny, Michal"]
[Black "Lhotska, Anna"]
[Result "1/2-1/2"]
[WhiteElo "1746"]
[BlackElo "1689"]
[PlyCount "45"]
[EventDate "2018.06.30"]
[EventType "swiss"]
[EventRounds "9"]
[EventCountry "CZE"]
[SourceTitle "CBM 185 Extra"]
[Source "ChessBase"]
[SourceDate "2018.07.29"]
[SourceVersion "1"]
[SourceVersionDate "2018.07.29"]
[SourceQuality "1"]

1. e4 c5 2. c3 d5 3. exd5 Qxd5 4. d4 Nf6 5. Nf3 Bg4 6. Be2 Nc6 7. 0-0 e6 8. h3 Bh5 9. Be3 cxd4 10. cxd4 Be7 11. Nc3 Qd6 12. a3 0-0 13. Qb3 Rfd8 14. Rfd1 Nd5 15. Nxd5 Qxd5 16. Qxd5 Rxd5 17. g4 Bg6 18. Bc4 Rdd8 19. Ne5 Nxe5 20. dxe5 b6 21. Bb3 Be4 22. Rxd8+ Rxd8 23. Rc1 1/2-1/2

[Event "Klatovy op-A 24th"]
[Site "Klatovy"]
[Date "2018.06.30"]
[Round "1"]
[White "Novy, Vaclav"]
[Black "Nechutny, Michal"]
[Result "1-0"]
[WhiteElo "2065"]
[BlackElo "1746"]
[PlyCount "73"]
[EventDate "2018.06.30"]
[EventType "swiss"]
[EventRounds "9"]
[EventCountry "CZE"]
[SourceTitle "CBM 185 Extra"]
[Source "ChessBase"]
[SourceDate "2018.07.29"]
[SourceVersion "1"]
[SourceVersionDate "2018.07.29"]
[SourceQuality "1"]

1. e4 c5 2. Nf3 Nc6 3. Bb5 d6 4. h3 g6 5. 0-0 Bg7 6. c3 Nf6 7. d4 cxd4 8. cxd4 Bd7 9. Nc3 0-0 10. Bg5 a6 11. Ba4 Rc8 12. e5 Ne8 13. Nd5 f6 14. exf6 Nxf6 15. Nxf6+ exf6 16. Bf4 Qc7 17. Rc1 Qb8 18. Qb3+ Kh8 19. Qb6 Rfd8 20. Rc3 Be8 21. Rb3 Bf7 22. Rc3 Qc7 23. Qxc7 Rxc7 24. Rfc1 Bd5 25. Bb3 Bxb3 26. Rxb3 Re7 27. d5 Ne5 28. Nd4 Rb8 29. Rcc3 Rbe8 30. Rb6 Rd7 31. Ne6 Kg8 32. Rc7 Rxc7 33. Nxc7 Re7 34. Rxb7 Rd7 35. Rb8+ Kf7 36. Nxa6 Nd3 37. Be3 1-0

[Event "Klatovy op-B 23rd"]
[Site "Klatovy"]
[Date "2017.07.09"]
[Round "9"]
[White "Nechutny, Michal"]
[Black "Vavrinkova, Anna"]
[Result "1/2-1/2"]
[WhiteElo "1766"]
[BlackElo "1452"]
[PlyCount "71"]
[EventDate "2017.07.01"]
[EventType "swiss"]
[EventRounds "9"]
[EventCountry "CZE"]
[SourceTitle "EXT 2018"]
[Source "ChessBase"]
[SourceDate "2017.10.13"]
[SourceVersion "1"]
[SourceVersionDate "2017.10.13"]
[SourceQuality "1"]

1. e4 e5 2. Nf3 Nf6 3. Nxe5 d6 4. Nf3 Nxe4 5. Nc3 Nxc3 6. dxc3 Be7 7. Bf4 Bg4 8. Qd2 Nd7 9. Be2 Nc5 10. 0-0-0 Qd7 11. h3 Be6 12. a3 a6 13. Rhe1 0-0-0 14. Ng5 Bxg5 15. Bxg5 Ne4 16. Qe3 Nxg5 17. Qxg5 f6 18. Qe3 Rhe8 19. Qa7 c6 20. Bf3 d5 21. Qd4 Qf7 22. Re2 Bd7 23. Rde1 Rxe2 24. Rxe2 Re8 25. Qd2 Rxe2 26. Qxe2 Qe6 27. Qxe6 Bxe6 28. Kd2 Bf5 29. Be2 Kd7 30. Bd3 Ke6 31. g4 Be4 32. Ke3 f5 33. f3 Bxd3 34. cxd3 fxg4 35. fxg4 g5 36. d4 1/2-1/2

[Event "Klatovy op-B 23rd"]
[Site "Klatovy"]
[Date "2017.07.05"]
[Round "5"]
[White "Nechutny, Michal"]
[Black "Zednik, Zdenek"]
[Result "1/2-1/2"]
[WhiteElo "1766"]
[BlackElo "1950"]
[PlyCount "76"]
[EventDate "2017.07.01"]
[EventType "swiss"]
[EventRounds "9"]
[EventCountry "CZE"]
[SourceTitle "EXT 2018"]
[Source "ChessBase"]
[SourceDate "2017.10.13"]
[SourceVersion "1"]
[SourceVersionDate "2017.10.13"]
[SourceQuality "1"]

1. e4 c5 2. c3 Nf6 3. e5 Nd5 4. d4 cxd4 5. Nf3 Nc6 6. cxd4 d6 7. Bc4 Nb6 8. Bb5 e6 9. 0-0 Bd7 10. Nc3 a6 11. Bd3 Be7 12. Bf4 dxe5 13. dxe5 Nb4 14. Be4 Bc6 15. Bxc6+ bxc6 16. Qe2 N4d5 17. Rfd1 0-0 18. Nxd5 Nxd5 19. Bg3 Qb6 20. Rac1 Rab8 21. Rd2 Rbd8 22. a3 c5 23. Rcd1 Rb8 24. Bh4 Bxh4 25. Nxh4 Rfc8 26. Nf5 exf5 27. Rxd5 g6 28. R1d2 Qb5 29. Qxb5 Rxb5 30. Rd8+ Rxd8 31. Rxd8+ Kg7 32. Rd2 c4 33. f4 Kf8 34. Rc2 Ke7 35. Rxc4 Rxb2 36. Rc6 Rb1+ 37. Kf2 Rb2+ 38. Kg1 Rb1+ 1/2-1/2

[Event "Klatovy op-B 23rd"]
[Site "Klatovy"]
[Date "2017.07.01"]
[Round "1"]
[White "Nechutny, Michal"]
[Black "Dolejs, Jakub"]
[Result "1-0"]
[WhiteElo "1766"]
[BlackElo "1442"]
[PlyCount "47"]
[EventDate "2017.07.01"]
[EventType "swiss"]
[EventRounds "9"]
[EventCountry "CZE"]
[SourceTitle "EXT 2018"]
[Source "ChessBase"]
[SourceDate "2017.10.13"]
[SourceVersion "1"]
[SourceVersionDate "2017.10.13"]
[SourceQuality "1"]

1. e4 c5 2. c3 d6 3. d4 cxd4 4. cxd4 Nf6 5. Nc3 g6 6. Nf3 Bg7 7. h3 e6 8. Bb5+ Bd7 9. Bxd7+ Nfxd7 10. 0-0 0-0 11. Bf4 Qe7 12. Nb5 e5 13. Bh2 a6 14. Nc7 Ra7 15. Nd5 Qe6 16. dxe5 Bxe5 17. Bxe5 dxe5 18. Rc1 Nc6 19. Qe2 Ne7 20. Nxe7+ Qxe7 21. Rfd1 b5 22. Qe3 Raa8 23. Rc7 Rfd8 24. Qd2 1-0

[Event "Plzen op 8th"]
[Site "Plzen"]
[Date "2016.10.14"]
[Round "6"]
[White "Ruzicka, Vaclav1"]
[Black "Nechutny, Michal"]
[Result "1-0"]
[WhiteElo "1620"]
[BlackElo "1673"]
[PlyCount "71"]
[EventDate "2016.10.09"]
[EventType "swiss"]
[EventRounds "7"]
[EventCountry "CZE"]
[SourceTitle "EXT 2017"]
[Source "ChessBase"]
[SourceDate "2016.10.25"]
[SourceVersion "1"]
[SourceVersionDate "2016.10.25"]
[SourceQuality "1"]

1. d4 Nf6 2. c4 g6 3. f3 Bg7 4. e4 d6 5. Nc3 0-0 6. Be3 Nbd7 7. Nh3 c5 8. d5 Nb6 9. Nf2 Nfd7 10. f4 Nb8 11. Be2 a5 12. a4 Na6 13. 0-0 Nb4 14. Qd2 Bd7 15. b3 Qc7 16. Rad1 Rad8 17. Kh1 f5 18. g4 Kh8 19. gxf5 gxf5 20. Rg1 Rg8 21. Rg3 Bf6 22. Rdg1 Qc8 23. exf5 Bxf5 24. Nce4 Rxg3 25. Rxg3 Rg8 26. Ng5 Bxg5 27. fxg5 Rg7 28. Bg4 Bxg4 29. Nxg4 Qf5 30. Qe2 Nd7 31. Nh6 Qb1+ 32. Bg1 Ne5 33. Rf3 Nxf3 34. Qxf3 Qg6 35. Qf8+ Rg8 36. Nf7+ 1-0

[Event "Plzen op 6th"]
[Site "Plzen"]
[Date "2014.11.26"]
[Round "4"]
[White "Ruzicka, Vaclav"]
[Black "Nechutny, Michal"]
[Result "1-0"]
[WhiteElo "1671"]
[BlackElo "1478"]
[PlyCount "129"]
[EventDate "2014.11.23"]
[EventType "swiss"]
[EventRounds "7"]
[EventCountry "CZE"]
[SourceTitle "CBM 163 Extra"]
[Source "ChessBase"]
[SourceDate "2014.12.23"]
[SourceVersion "1"]
[SourceVersionDate "2014.12.23"]
[SourceQuality "1"]

1. Nf3 d5 2. c4 e6 3. g3 Nf6 4. Bg2 Be7 5. 0-0 0-0 6. cxd5 exd5 7. d4 Nc6 8. Nc3 Be6 9. h3 Nd7 10. a3 Nb6 11. Qc2 Qd7 12. Kh2 Rad8 13. Bf4 a6 14. Rfd1 Bf5 15. Qc1 Bd6 16. Bxd6 Qxd6 17. Nh4 Bg6 18. Nxg6 fxg6 19. f3 h5 20. h4 Ne7 21. e4 c6 22. e5 Qe6 23. Bh3 Nf5 24. Ne2 Qe7 25. Nf4 Kh7 26. b3 Na8 27. Ra2 Nc7 28. Bxf5 Rxf5 29. Rf2 Ne6 30. Nh3 Rdf8 31. f4 R8f7 32. b4 Rf8 33. Qe3 R8f7 34. Rdf1 Rf8 35. Kg2 Kg8 36. Ng5 Kh8 37. Qc3 Kg8 38. Nf3 Kh8 39. Nd2 Qc7 40. Nb3 Qb6 41. Rc2 Rg8 42. Nc5 Nxc5 43. bxc5 Qc7 44. Rb1 Rb8 45. Rb6 Rf7 46. Rcb2 Ra8 47. Qc2 Kh7 48. Qb1 Ra7 49. e6 Re7 50. f5 gxf5 51. Qxf5+ g6 52. Qf6 Rg7 53. R6b3 Qe7 54. Rf3 Qxf6 55. Rxf6 Re7 56. Rbf2 Ra8 57. Rf7+ Rxf7 58. Rxf7+ Kg8 59. Rxb7 Re8 60. e7 Rc8 61. Rd7 Re8 62. Rd8 Kf7 63. Rd6 Rxe7 64. Rxc6 Ra7 65. Rd6 1-0